Tennis
| Main Author: | |
|---|---|
| Format: | Book |
| Published: |
London :
Ward Lock Ltd. ,
1990
|
| Series: | Ahead Of The Game
|
| Subjects: |
MARC
| LEADER | 00000cam a2200000 7i4500 | ||
|---|---|---|---|
| 001 | 0000009812 | ||
| 002 | 000010683 | ||
| 005 | 20000330.0 | ||
| 020 | |a 0706368703 | ||
| 090 | 0 | 0 | |a 796.342 |b PAN |
| 100 | 1 | |a Pankhurst, Anne | |
| 245 | 1 | 0 | |a Tennis |c Anne Pankhurst |
| 260 | |a London : |b Ward Lock Ltd. , |c 1990 | ||
| 300 | |a 127p. : |b ill. ; |c 23cm. | ||
| 490 | 0 | |a Ahead Of The Game | |
| 650 | 0 | 0 | |a Tennis |
| 999 | |a 023540 |b BUKU |c PINJAMAN |e PERPUSTAKAAN KOMUNITI PETALING JAYA | ||
| 999 | |a 023541 |b BUKU |c PINJAMAN |e PERPUSTAKAAN KOMUNITI PETALING JAYA | ||